000 00430nam a2200157Ia 4500
008 220204s9999 xx 000 0 und d
020 _a0412609800
082 _a575:57.087.1
_bKEA
100 _aKearsey, Michael J
245 4 _aThe genetical analysis of quantitative traits
260 _aLondon
_bChapman & Hall
_c1996
650 _aGenetic marketing
650 _aGXE Interactions
700 _aPooni, Harpal S
942 _cBK
999 _c42209
_d42209